| 000 | 00518nam a2200169Ia 4500 | ||
|---|---|---|---|
| 999 |
_c22241 _d22241 |
||
| 003 | OSt | ||
| 005 | 20200207104316.0 | ||
| 008 | 190216s9999||||xx |||||||||||||| ||und|| | ||
| 040 | _coclc | ||
| 082 |
_a297.63 _bHAM/M |
||
| 100 |
_aHameed, M Shahul _91887 |
||
| 245 | 0 |
_aMohammed Nabiyude Jeevitha Santhesam / _cM Shahul Hameed |
|
| 260 |
_bDepartment Of Cultural Publications, _c1987. _aKochi: |
||
| 300 | _a264p | ||
| 650 | _aIslamic History | ||
| 942 |
_cBK _2ddc _h297.63 _iHAM/M _k297.63 _mHAM/M |
||